000 00543nam a22001937a 4500
005 20210426113026.0
008 210127s1965 ||||| |||| 00| 0 eng d
040 _aeng
_cDLC
041 _aeng
080 _a811.111
_bB-49
100 _9703
_aBernstein, M. Theodore
245 _aThe Careful Writer
_b: A Modern Guide to English Usage
_c/ by: Atheneum
260 _aNew York
_bAtheneum
_c1965
300 _a487 p.
365 _b7.95 usd
650 0 _9480
_aEnglish Language
653 _aინგლისური ენა
942 _2udc
_cBK
999 _c985
_d985